[Event "European Blitz 2022"]
[Site "Katowice POL"]
[Date "2022.12.16"]
[Round "17.82"]
[White "Ternault, Mathieu"]
[Black "Gumula, Daniel"]
[Result "0-1"]
[WhiteTitle "FM"]
[BlackTitle "FM"]
[WhiteElo "2351"]
[BlackElo "2146"]
[WhiteFideId "20641532"]
[BlackFideId "1123122"]
[EventDate "2022.12.16"]

1. d4 Nf6 2. Nf3 d6 3. c4 Bf5 4. Nc3 Nbd7 5. Nh4 Bg6 6. g3 e5 7. Bg2 c6 8. O-O
Be7 9. e4 O-O 10. Nxg6 hxg6 11. Be3 Re8 12. Rc1 Nf8 13. d5 N6d7 14. Qd2 Nh7 15.
Kh1 c5 16. Rce1 Bg5 17. f4 Bh6 18. Qf2 exf4 19. gxf4 Nhf6 20. Qf3 Nh5 21. Nb5
Nb6 22. b3 a6 23. Nc3 Qh4 24. e5 Nd7 25. e6 Ndf6 26. Qh3 Qg4 27. Bd2 Qf5 28.
Qxf5 gxf5 29. exf7+ Kxf7 30. Re6 Rxe6 31. dxe6+ Kxe6 32. Bxb7 Ra7 33. Bg2 Re7
34. Kg1 Kd7 35. Rf2 Ng4 36. Re2 g6 37. Rxe7+ Kxe7 38. Nd5+ Kd7 39. Bc1 Bg7 40.
Bd2 Bd4+ 41. Kf1 Nxh2+ 42. Ke2 Ng4 43. Bf3 Ng3+ 44. Kd3 Nf2+ 45. Kc2 Nfe4 46.
Ba5 Nf1 47. a3 Ne3+ 48. Kd3 Nxd5 49. cxd5 Nf6 50. b4 Nh5 51. Bxh5 gxh5 52. bxc5
Bxc5 53. a4 Ke7 54. Bc3 h4 55. Be1 h3 56. Bg3 Bg1 0-1

[Event "European Blitz 2022"]
[Site "Katowice POL"]
[Date "2022.12.16"]
[Round "17.83"]
[White "Bergsson, Stefan"]
[Black "Karas, Marek"]
[Result "0-1"]
[BlackTitle "FM"]
[WhiteElo "2172"]
[BlackElo "2240"]
[WhiteFideId "2301393"]
[BlackFideId "14928558"]
[EventDate "2022.12.16"]

1. c4 e5 2. Nc3 Nf6 3. g3 c6 4. d4 exd4 5. Qxd4 d5 6. Bg2 dxc4 7. Qxc4 Be6 8.
Qa4 Nbd7 9. Nf3 Nc5 10. Qc2 Be7 11. O-O Qc8 12. b4 Na6 13. a3 O-O 14. Ng5 Bf5
15. e4 Bg4 16. f3 Be6 17. Be3 Nc7 18. e5 Bf5 19. Qf2 Nfd5 20. Nxd5 Nxd5 21. Bd2
Bd8 22. Kh1 Bb6 23. Qe1 Bd3 24. f4 Bxf1 25. Qxf1 h6 26. Ne4 Bc7 27. Bh3 Qd8 28.
Rd1 Qe7 29. Bc1 Rad8 30. Re1 a5 31. Bb2 axb4 32. axb4 Qxb4 33. Ba1 Rfe8 34. e6
Qf8 35. f5 fxe6 36. f6 e5 37. Nc5 Qxf6 38. Qe2 b6 39. Nd3 Rf8 40. Rf1 Qe7 41.
Re1 e4 42. Nf2 e3 43. Ng4 h5 44. Nh6+ gxh6 45. Qxh5 Rf6 46. Bf5 Rdf8 47. Qg4+
Qg7 48. Qxg7+ Kxg7 49. g4 Kg8 50. h4 Rxf5 51. gxf5 Rxf5 52. Rg1+ Kf8 53. Bg7+
Kf7 54. Bb2 Be5 55. Ba3 e2 56. Kg2 Rf1 0-1

[Event "European Blitz 2022"]
[Site "Katowice POL"]
[Date "2022.12.16"]
[Round "17.84"]
[White "Gvetadze, Sofio"]
[Black "Bazilius, Augustinas"]
[Result "1-0"]
[WhiteTitle "IM"]
[WhiteElo "2298"]
[BlackElo "2118"]
[WhiteFideId "13601440"]
[BlackFideId "12832251"]
[EventDate "2022.12.16"]

1. Nf3 Nf6 2. g3 g6 3. Bg2 Bg7 4. O-O O-O 5. d3 d5 6. Nbd2 c5 7. e4 Nc6 8. Re1
e5 9. exd5 Nxd5 10. Nc4 Re8 11. c3 Nb6 12. Ne3 h6 13. a4 Be6 14. a5 Nd5 15. Nc4
Qc7 16. Qe2 Qd7 17. Nfd2 Bg4 18. f3 Bf5 19. Ne4 Bxe4 20. dxe4 Nc7 21. Be3 Qe7
22. Qf2 Bf8 23. Rad1 Red8 24. f4 exf4 25. gxf4 Rxd1 26. Rxd1 Rd8 27. Rf1 Qe6 28.
Qe2 Nb5 29. f5 Qd7 30. Qf2 Qd3 31. Nd2 Ne5 32. fxg6 fxg6 33. Nf3 Ng4 34. Qg3
Qxe3+ 35. Kh1 h5 36. h3 Bd6 37. Qh4 Nh6 38. Qxd8+ 1-0

[Event "European Blitz 2022"]
[Site "Katowice POL"]
[Date "2022.12.16"]
[Round "17.85"]
[White "Ribeiro, Gustavo"]
[Black "Brilej, Jaka"]
[Result "1-0"]
[BlackTitle "FM"]
[WhiteElo "1836"]
[BlackElo "2336"]
[WhiteFideId "1941852"]
[BlackFideId "14618818"]
[EventDate "2022.12.16"]

1. d4 d5 2. c4 c6 3. g3 Nf6 4. Bg2 dxc4 5. Nc3 g6 6. Nf3 Bg7 7. Ne5 Ng4 8. Nxg4
Bxg4 9. h3 Be6 10. e3 O-O 11. O-O Nd7 12. Qe2 Nb6 13. Rd1 Qc7 14. e4 Rad8 15.
Be3 Bc8 16. Rac1 e5 17. d5 f5 18. Bxb6 Qxb6 19. Qxc4 Kh8 20. dxc6 bxc6 21. Na4
Qa5 22. Qxc6 Rxd1+ 23. Rxd1 Ba6 24. Nc3 f4 25. Rd5 Qb4 26. Qxa6 Qxb2 27. Nd1 Qc1
28. gxf4 exf4 29. Bf3 Qc7 30. Qd6 Qc8 31. Qd7 Qb8 32. Kg2 Qb6 33. e5 Qb8 34. e6 1-0

[Event "European Blitz 2022"]
[Site "Katowice POL"]
[Date "2022.12.16"]
[Round "17.86"]
[White "Zamekhovskiy, Yevgen"]
[Black "Bochnicka, Vladimir ml."]
[Result "1-0"]
[BlackTitle "FM"]
[WhiteElo "2095"]
[BlackElo "2367"]
[WhiteFideId "14174413"]
[BlackFideId "14943450"]
[EventDate "2022.12.16"]

1. d4 Nf6 2. c4 g6 3. Nf3 Bg7 4. g3 O-O 5. Bg2 d6 6. O-O Nc6 7. Nc3 Bf5 8. Ne1
e5 9. d5 Na5 10. e4 Bd7 11. b3 b6 12. Nd3 Ne8 13. Bb2 f5 14. f4 exf4 15. Nxf4
Qg5 16. Qe2 Bd4+ 17. Kh1 Ng7 18. Rad1 Be5 19. Nb5 Bxb5 20. cxb5 fxe4 21. Ne6
Nxe6 22. dxe6 Rxf1+ 23. Rxf1 Re8 24. Bc1 Qe7 25. Bxe4 Qxe6 26. Qf3 Kh8 27. Bd5
Qe7 28. Bh6 Bd4 29. b4 c6 30. bxc6 Nxc6 31. Bxc6 Qe5 32. Qf8+ 1-0

[Event "European Blitz 2022"]
[Site "Katowice POL"]
[Date "2022.12.16"]
[Round "17.87"]
[White "Zawadzka, Jolanta"]
[Black "Shilov, Sergej"]
[Result "1-0"]
[WhiteTitle "WGM"]
[BlackTitle "FM"]
[WhiteElo "2386"]
[BlackElo "2047"]
[WhiteFideId "1122320"]
[BlackFideId "14101505"]
[EventDate "2022.12.16"]

1. e4 e5 2. Nf3 Nc6 3. Nc3 g6 4. Bb5 Bg7 5. O-O Nge7 6. Nd5 d6 7. d4 exd4 8.
Nxd4 O-O 9. Nxe7+ Nxe7 10. Bg5 h6 11. Bh4 g5 12. Bg3 f5 13. exf5 Nxf5 14. Nxf5
Bxf5 15. c3 c6 16. Bd3 d5 17. Re1 Qd7 18. h3 Rae8 19. Bxf5 Qxf5 20. Qh5 Re4 21.
f3 Re6 22. Rxe6 Qxe6 23. Re1 Qf7 24. Qg4 Re8 25. Rxe8+ Qxe8 26. Qf5 Qe7 27. Kh2
Qf7 28. Qc8+ Kh7 29. Qa8 a6 30. Qd8 Bf6 31. Qd6 Qe7 32. Qb8 h5 33. Bd6 Qf7 34.
Kh1 Kg6 35. Bc7 Qe6 36. Bg3 h4 37. Bd6 d4 38. cxd4 Bxd4 39. Bb4 Qe3 40. Qd6+ Bf6
41. Qd1 Qd4 42. Qc2+ Kg7 1-0

[Event "European Blitz 2022"]
[Site "Katowice POL"]
[Date "2022.12.16"]
[Round "17.89"]
[White "Gradalski, Olaf"]
[Black "Charkhalashvili, Inga"]
[Result "1-0"]
[BlackTitle "WGM"]
[WhiteElo "2079"]
[BlackElo "2273"]
[WhiteFideId "21840580"]
[BlackFideId "13601431"]
[EventDate "2022.12.16"]

1. e4 c6 2. d4 d5 3. Nc3 dxe4 4. Nxe4 Nf6 5. Nxf6+ exf6 6. c3 Bd6 7. Bd3 Be6 8.
Ne2 Qc7 9. Qc2 c5 10. dxc5 Bxc5 11. O-O h6 12. Bf4 Bd6 13. Bxd6 Qxd6 14. Rad1
Qc7 15. Nd4 Nc6 16. Nxe6 fxe6 17. Rfe1 Ke7 18. Qb3 Ne5 19. f4 Nf7 20. Qxe6+ Kf8
21. Kh1 h5 22. Bc4 1-0

[Event "European Blitz 2022"]
[Site "Katowice POL"]
[Date "2022.12.16"]
[Round "17.90"]
[White "Musial, Igor"]
[Black "Zochowski, Kacper"]
[Result "0-1"]
[BlackTitle "FM"]
[WhiteElo "1864"]
[BlackElo "2256"]
[WhiteFideId "21858110"]
[BlackFideId "1125494"]
[EventDate "2022.12.16"]

1. e4 d6 2. d4 g6 3. Nc3 Bg7 4. Be3 a6 5. Qd2 b5 6. a3 Bb7 7. f3 Nd7 8. O-O-O
Rc8 9. h4 h6 10. Nh3 c5 11. dxc5 Nxc5 12. Bd4 Nf6 13. Nf4 Ncd7 14. Nfd5 O-O 15.
h5 g5 16. Bxf6 Nxf6 17. Ne3 Nd7 18. Nf5 Nf6 19. Nxg7 Kxg7 20. Bd3 e5 21. Ne2 Rc6
22. Ng3 Bc8 23. Ne2 Be6 24. g3 d5 25. exd5 Qxd5 26. f4 Qa2 27. Nc3 Qa1+ 28. Nb1
Ba2 29. c3 exf4 30. gxf4 g4 31. Rhg1 Rd8 32. Qc2 Bxb1 33. Qxb1 Qxb1+ 34. Bxb1
Rxd1+ 35. Kxd1 Rc4 36. f5 Rf4 37. Ke2 Nxh5 38. Bd3 Kf6 39. Ke3 Rf3+ 40. Kd2 Nf4 0-1

[Event "European Blitz 2022"]
[Site "Katowice POL"]
[Date "2022.12.16"]
[Round "17.91"]
[White "Kovalchuk, Victor"]
[Black "Domenech, Vianney"]
[Result "0-1"]
[WhiteElo "1602"]
[BlackElo "2249"]
[WhiteFideId "14191334"]
[BlackFideId "656089"]
[EventDate "2022.12.16"]

1. e4 Nc6 2. Nf3 d6 3. d4 Nf6 4. Nc3 g6 5. Bc4 Bg7 6. O-O O-O 7. h3 Nxe4 8. Nxe4
d5 9. c3 dxc4 10. Qe2 Bf5 11. Re1 Qd5 12. Bf4 Rac8 13. g4 Bxe4 14. Qxe4 Qxe4 15.
Rxe4 e6 16. Ree1 Ne7 17. Nd2 Nd5 18. Bg3 b5 19. a4 a6 20. Ne4 f5 21. Nc5 f4 22.
Bh2 Rf7 23. Nxe6 h6 24. g5 hxg5 25. Nxg5 Rf5 26. Ne6 Bf6 27. Kg2 Kf7 28. Nc5 f3+
29. Kg1 Rh5 30. Ne4 Rxh3 31. Bg3 Rch8 0-1

[Event "European Blitz 2022"]
[Site "Katowice POL"]
[Date "2022.12.16"]
[Round "17.92"]
[White "Polster, Christian"]
[Black "Trzebinski, Patryk"]
[Result "1-0"]
[WhiteTitle "FM"]
[WhiteElo "2235"]
[BlackElo "1792"]
[WhiteFideId "12965081"]
[BlackFideId "21839034"]
[EventDate "2022.12.16"]

1. e4 c5 2. Nc3 Nc6 3. Nge2 g6 4. d4 cxd4 5. Nxd4 Bg7 6. Be3 Nf6 7. Bc4 d6 8. f3
O-O 9. Bb3 Bd7 10. Qd2 Rc8 11. O-O-O Ne5 12. h4 h5 13. Bg5 Rc5 14. g4 hxg4 15.
f4 Nc4 16. Qe2 Qc8 17. Bxf6 Bxf6 18. Nd5 a5 19. h5 a4 20. Bxc4 Rxc4 21. hxg6
fxg6 22. Nb6 Qc5 23. Qxc4+ Qxc4 24. Nxc4 Bxd4 25. Rxd4 Rxf4 26. Nb6 Bc6 27. Nd5 1-0

[Event "European Blitz 2022"]
[Site "Katowice POL"]
[Date "2022.12.16"]
[Round "17.93"]
[White "Radecki, Adam"]
[Black "Aksonova, Tetiana"]
[Result "1-0"]
[BlackTitle "WFM"]
[WhiteElo "2012"]
[BlackElo "2192"]
[WhiteFideId "1197347"]
[BlackFideId "14106086"]
[EventDate "2022.12.16"]

1. e4 c5 2. d3 Nc6 3. Nd2 d6 4. g3 g6 5. Bg2 Bg7 6. f4 e5 7. Ngf3 Nge7 8. O-O
O-O 9. fxe5 dxe5 10. a4 b6 11. Nc4 h6 12. b3 Be6 13. Ne3 f5 14. exf5 gxf5 15.
Bb2 Rc8 16. Nh4 Nd4 17. Qd2 Qd7 18. Rae1 Rcd8 19. Qc1 Bf6 20. Nf3 Qc7 21. Nc4
Bxc4 22. bxc4 Bg7 23. Bxd4 cxd4 24. Qa3 Ng6 25. Qb3 Kh7 26. Qb5 e4 27. Nd2 e3
28. Nf3 f4 29. g4 Ne5 30. Nxe5 Qxe5 31. Be4+ Kh8 32. Qc6 Rf6 33. Qb7 Qb8 34. Qe7
Rdf8 35. h3 Qd8 36. Qa3 Qd6 37. Qb3 Qe5 38. Rf3 Rd6 39. Ra1 a5 40. Rb1 Bf6 41.
Qb5 Qe7 42. Qf5 Bg5 43. Qb5 Qg7 44. c5 bxc5 45. Qxc5 Rdd8 46. Qxa5 Rb8 47. Rb5
Rxb5 48. axb5 Qe7 49. b6 Qd6 50. Qb5 Rb8 51. Qf5 Qe7 52. b7 Kg8 1-0

[Event "European Blitz 2022"]
[Site "Katowice POL"]
[Date "2022.12.16"]
[Round "17.94"]
[White "Myrmus, Mateusz"]
[Black "Aymerich Verdaguer, Eduard"]
[Result "1/2-1/2"]
[BlackTitle "CM"]
[WhiteElo "2012"]
[BlackElo "2208"]
[WhiteFideId "21825335"]
[BlackFideId "32049293"]
[EventDate "2022.12.16"]

1. e4 c5 2. Nf3 e6 3. c3 d5 4. exd5 Qxd5 5. d4 cxd4 6. Qxd4 Nf6 7. Bc4 Qa5 8.
O-O Nc6 9. Qh4 Be7 10. Qg3 O-O 11. b4 Qh5 12. Nbd2 Rd8 13. Bb2 h6 14. Rad1 Bd6
15. Qh4 Qxh4 16. Nxh4 Ne5 17. Be2 b6 18. Nhf3 Bb7 19. Nxe5 Bxe5 20. Nf3 Bd6 21.
a4 Rac8 22. Nd4 Bd5 23. Nb5 Bb8 24. c4 Bc6 25. Nc3 Ne4 26. Nxe4 Bxe4 27. Rxd8+
Rxd8 28. Rd1 Rc8 29. Rd7 Bc6 30. Rd2 Bxa4 31. b5 Bb3 32. Ba3 Be5 33. Rd7 Rc7 34.
Rxc7 Bxc7 35. Kf1 Bc2 36. g3 Be4 37. h4 Be5 38. Ke1 Bc3+ 39. Kd1 Bd4 40. Ke1 f5
41. Bd6 Kf7 42. Bb8 Kf6 43. Bxa7 g5 44. hxg5+ Kxg5 45. Bb8 e5 46. Bd6 f4 47.
gxf4+ Kxf4 48. Bf8 Kg5 49. Be7+ Kg6 50. Bd6 h5 51. Kf1 Bf5 52. Kg2 h4 53. f4 e4
54. Be5 Be3 55. Bd6 h3+ 56. Kh2 Be6 57. Bf1 Bd4 58. Bxh3 Bxc4 1/2-1/2

[Event "European Blitz 2022"]
[Site "Katowice POL"]
[Date "2022.12.16"]
[Round "17.95"]
[White "Hjartarson, Johann"]
[Black "Cieslak, Patryk"]
[Result "1-0"]
[WhiteTitle "GM"]
[WhiteElo "2476"]
[BlackElo "2094"]
[WhiteFideId "2300044"]
[BlackFideId "21078882"]
[EventDate "2022.12.16"]

1. c4 e5 2. g3 Nf6 3. Bg2 d5 4. cxd5 Nxd5 5. Nf3 Nc6 6. O-O Nb6 7. b3 Bd6 8. Bb2
O-O 9. d4 exd4 10. Nxd4 Nxd4 11. Bxd4 Qe7 12. Qc2 c5 13. Bb2 Be6 14. Nd2 Rac8
15. Ne4 Bf5 16. Qc3 f6 17. Nxd6 Qxd6 18. Bxb7 Rc7 19. Bf3 c4 20. Rfd1 Qc5 21. a4
cxb3 22. Qxb3+ Qc4 23. Qxc4+ Nxc4 24. Bd4 Be6 25. Rac1 Rfc8 26. Rc3 Nb6 27. Rxc7
Rxc7 28. a5 Nc4 29. a6 Kf7 30. Bb7 Na5 31. Rb1 Bc8 32. Bxc8 Rxc8 33. Bxa7 Ra8
34. Rb7+ Kg6 35. Rc7 Nb3 36. e4 Nd2 37. Re7 Nxe4 38. Rxe4 Rxa7 39. Ra4 Kf5 40.
Kg2 Ke5 41. Kf3 f5 42. Ke3 g6 43. Ra5+ Ke6 44. Kd4 Kd6 45. h4 h6 46. f4 h5 47.
Ra3 Ra8 48. a7 Kc6 49. Ke5 Kb6 50. Kf6 Kb7 51. Kxg6 1-0

[Event "European Blitz 2022"]
[Site "Katowice POL"]
[Date "2022.12.16"]
[Round "17.96"]
[White "Batsiashvili, Nino"]
[Black "Delgerdalai, Bayarjavkhlan"]
[Result "1/2-1/2"]
[WhiteTitle "GM"]
[WhiteElo "2493"]
[BlackElo "2100"]
[WhiteFideId "13602993"]
[BlackFideId "23727276"]
[EventDate "2022.12.16"]

1. d4 Nf6 2. Nf3 d5 3. Bf4 c5 4. e3 cxd4 5. exd4 Nc6 6. Nbd2 Bg4 7. c3 e6 8. Qb3
Bd6 9. Bg3 O-O 10. Bd3 Re8 11. Qxb7 Bxg3 12. hxg3 Qd6 13. Ng5 Ne7 14. Nxh7 Reb8
15. Nxf6+ gxf6 16. Qa6 Qxa6 17. Bxa6 Rxb2 18. Bd3 Rc8 19. c4 Rb4 20. Rc1 dxc4
21. Rxc4 Rcxc4 22. Nxc4 Nc6 23. O-O Nxd4 24. Ne3 Be2 25. Bxe2 Nxe2+ 26. Kh2 Rb2
27. a3 Ra2 28. Nc4 Kf8 29. g4 Rc2 30. Ne3 Ra2 31. Nc4 Rc2 32. Ne3 Ra2 33. Re1
Nd4 34. Rd1 e5 35. Kg3 Rxa3 36. Rc1 Kg7 37. Rc7 a5 38. Ra7 a4 39. Kh2 Ra2 40.
Nd5 a3 41. f3 Nxf3+ 42. Kg3 Nd4 43. Ra6 Ne6 44. Ne7 Ra1 45. Nf5+ Kh7 46. Ra7 Kg6
47. Ne7+ Kg5 48. Nd5 a2 49. Nc3 Rc1 50. Nxa2 Rd1 51. Nb4 Rd4 52. Nc6 Rd3+ 53.
Kf2 Kxg4 54. Ra4+ Kg5 55. Ra7 Kg6 56. Ne7+ Kg7 57. Nf5+ Kh7 58. Nh4 Ng5 59. Ra6
Kg7 60. Nf5+ Kg6 61. Ne7+ Kh5 62. Ke2 Rg3 63. Rxf6 Rxg2+ 64. Ke3 Rg3+ 65. Ke2
Ra3 66. Nd5 Kg4 67. Ne3+ Kh5 68. Nc4 Ra2+ 69. Ke3 Rc2 70. Nxe5 Rc5 71. Nxf7 Nxf7
72. Rxf7 1/2-1/2

[Event "European Blitz 2022"]
[Site "Katowice POL"]
[Date "2022.12.16"]
[Round "17.97"]
[White "De Filomeno, Simone"]
[Black "Niezhentsev, Kyrylo"]
[Result "1-0"]
[WhiteTitle "IM"]
[WhiteElo "2450"]
[BlackElo "2052"]
[WhiteFideId "828688"]
[BlackFideId "34126660"]
[EventDate "2022.12.16"]

1. d4 Nf6 2. c4 e6 3. Nf3 b6 4. g3 c6 5. Bg2 d5 6. Nbd2 Be7 7. O-O O-O 8. Qc2 c5
9. dxc5 bxc5 10. b3 Nc6 11. Bb2 Bb7 12. e3 Rc8 13. Rfd1 Qb6 14. Rac1 Nb4 15. Qb1
Rfd8 16. cxd5 exd5 17. Ng5 h6 18. Bxf6 Bxf6 19. Qh7+ Kf8 20. Nh3 Nxa2 21. Ra1
Bxa1 22. Rxa1 Nb4 23. Nf4 Qf6 24. Rxa7 Bc6 25. Qh8# 1-0

[Event "European Blitz 2022"]
[Site "Katowice POL"]
[Date "2022.12.16"]
[Round "17.98"]
[White "Dwilewicz, Katarzyna"]
[Black "Diermair, Andreas"]
[Result "1/2-1/2"]
[WhiteTitle "WFM"]
[BlackTitle "GM"]
[WhiteElo "2123"]
[BlackElo "2446"]
[WhiteFideId "1148486"]
[BlackFideId "1612468"]
[EventDate "2022.12.16"]

1. e4 d5 2. exd5 Qxd5 3. Nc3 Qa5 4. d4 Nf6 5. Nf3 Bf5 6. Bd2 e6 7. Bc4 Bb4 8. a3
Bxc3 9. Bxc3 Qb6 10. d5 exd5 11. Bxd5 O-O 12. O-O Nbd7 13. Bd4 c5 14. Bc3 Rad8
15. Bb3 Bg4 16. Qe2 Rfe8 17. Qc4 Be6 18. Qh4 Bxb3 19. cxb3 Qxb3 20. Rad1 h6 21.
Rd6 Re6 22. Rfd1 Rxd6 23. Rxd6 Re8 24. h3 Re6 25. Qf4 Rxd6 26. Qxd6 Qe6 27. Qxe6
fxe6 28. Kf1 Kf7 29. Ke2 Ke7 30. Kd3 Kd6 31. g4 e5 32. Nd2 b5 33. Ne4+ Nxe4 34.
Kxe4 Ke6 35. f3 Nf6+ 36. Kd3 Kd5 37. b3 c4+ 38. bxc4+ bxc4+ 39. Ke3 g5 40. Bb4
Nd7 41. Be7 a5 42. Bd8 a4 43. Be7 Ke6 44. Bb4 Kd5 45. Be7 Nc5 46. h4 Ne6 47.
hxg5 hxg5 48. Bb4 Nc5 49. Bc3 Nd3 50. Bd2 Nf4 51. Bc3 Ne6 52. Bb2 Nd4 53. Bc1
Nb5 54. Ke2 c3 55. Bxg5 Kc4 56. Bc1 Nd4+ 57. Ke3 Nb3 58. g5 Nd4 59. g6 Ne6 60.
Ke4 Kb3 61. Kxe5 Ng7 62. Kf6 Nh5+ 63. Kg5 Ng7 64. f4 Kc2 65. Be3 Kd3 66. Bc1 Kc2
67. Be3 Kd3 68. Bc1 Kc2 1/2-1/2

[Event "European Blitz 2022"]
[Site "Katowice POL"]
[Date "2022.12.16"]
[Round "17.100"]
[White "Maltsevskaya, Aleksandra"]
[Black "Wojdak, Jan"]
[Result "1-0"]
[WhiteTitle "IM"]
[WhiteElo "2400"]
[BlackElo "2115"]
[WhiteFideId "24174041"]
[BlackFideId "21817111"]
[EventDate "2022.12.16"]

1. e4 e5 2. Nf3 Nc6 3. Bb5 a6 4. Ba4 Nf6 5. O-O Be7 6. Re1 b5 7. Bb3 d6 8. c3
O-O 9. h3 Nb8 10. d4 Nbd7 11. a3 Bb7 12. Nbd2 c5 13. Bc2 Re8 14. b4 cxd4 15.
cxd4 Bf8 16. Bb2 g6 17. dxe5 dxe5 18. Nb3 Rc8 19. Rc1 Bg7 20. Bb1 Nh5 21. Na5
Ba8 22. Rxc8 Qxc8 23. Ba2 Nf4 24. Ng5 Rf8 25. g3 Nh5 26. Qb3 Qe8 27. Rd1 Nhf6
28. Rc1 Bxe4 29. Nxe4 Nxe4 30. Nc6 Kh8 31. Re1 f5 32. Bb1 Ndf6 33. Nxe5 Qe7 34.
Ba2 Qa7 35. Re2 h6 36. Nxg6+ Kh7 37. Nxf8+ Bxf8 38. Bxf6 1-0

[Event "European Blitz 2022"]
[Site "Katowice POL"]
[Date "2022.12.16"]
[Round "18.1"]
[White "Alonso Rosell, Alvar"]
[Black "Navara, David"]
[Result "0-1"]
[WhiteTitle "GM"]
[BlackTitle "GM"]
[WhiteElo "2561"]
[BlackElo "2684"]
[WhiteFideId "2270544"]
[BlackFideId "309095"]
[EventDate "2022.12.16"]

1. d4 Nf6 2. c4 e6 3. Nf3 b6 4. g3 Ba6 5. Nbd2 d5 6. Bg2 Bd6 7. O-O O-O 8. cxd5
exd5 9. Nb1 Re8 10. Nc3 Nbd7 11. Re1 h6 12. Bf4 Bxf4 13. gxf4 c5 14. e3 Bb7 15.
Ne5 Qe7 16. Nxd7 Qxd7 17. dxc5 bxc5 18. Na4 Rac8 19. Rc1 c4 20. Nc3 d4 21. Qxd4
Qg4 22. e4 Qxf4 23. Qxa7 Bxe4 24. Nxe4 Nxe4 25. Qd4 Rcd8 26. Qe3 Qxe3 27. Rxe3
Nd6 28. Rxe8+ Rxe8 29. Kf1 Rb8 30. Rd1 Nf5 31. Be4 Ne7 32. Rd2 f5 33. Bf3 Kf7
34. Be2 c3 35. Bc4+ Kf6 36. bxc3 Rb1+ 37. Ke2 Ng6 38. Rd6+ Kg5 39. Kf3 Ne5+ 40.
Kg3 Rg1+ 41. Kh3 Nxc4 42. f4+ Kh5 43. a4 Nxd6 0-1

[Event "European Blitz 2022"]
[Site "Katowice POL"]
[Date "2022.12.16"]
[Round "18.2"]
[White "Sargsyan, Shant"]
[Black "Piorun, Kacper"]
[Result "1/2-1/2"]
[WhiteTitle "GM"]
[BlackTitle "GM"]
[WhiteElo "2645"]
[BlackElo "2611"]
[WhiteFideId "13306766"]
[BlackFideId "1130420"]
[EventDate "2022.12.16"]

1. d4 g6 2. e4 Bg7 3. Nf3 d6 4. Bc4 c6 5. O-O Nf6 6. e5 dxe5 7. Nxe5 O-O 8. c3
Nbd7 9. Nf3 e6 10. Bf4 b6 11. Nbd2 Bb7 12. Qe2 Nd5 13. Bg3 Re8 14. Ne4 N7f6 15.
Nd6 Re7 16. Nxb7 Rxb7 17. Ne5 Rc7 18. Rad1 Nh5 19. Bb3 b5 20. Rfe1 Nxg3 21. hxg3
a5 22. a4 Rb8 23. axb5 cxb5 24. Nxf7 Qd7 25. Ng5 a4 26. Ba2 b4 27. Qxe6+ Qxe6
28. Nxe6 b3 29. Nxc7 Nxc7 30. Bb1 a3 31. bxa3 Nb5 32. Bd3 Nxc3 33. Bc4+ Kh8 34.
Rd3 b2 35. Rxc3 b1=Q 36. Rxb1 Rxb1+ 37. Bf1 Bxd4 38. Rc4 Rd1 39. Rc2 Ra1 40. Rc4
Rd1 41. Rc2 Ra1 42. Rd2 Bc5 43. Rd5 Bxa3 44. g4 Rc1 45. g3 Bc5 46. Rd2 Kg7 47.
Kg2 Re1 48. g5 h6 49. Rd5 Be7 50. gxh6+ Kxh6 51. Rb5 Kg7 52. Bd3 Re6 53. Bc4 Rc6
54. Bd3 Rd6 55. Be4 g5 56. Rb1 Kf6 57. Rh1 Rd2 58. Rf1 Bc5 59. Kf3 g4+ 60. Kxg4
Rxf2 61. Rc1 Bd6 62. Rd1 Ke7 63. Bf3 Ra2 64. Kh4 Rh2+ 65. Kg4 Rh8 66. Re1+ Kf6
67. Bd5 Be5 68. Rf1+ Ke7 69. Ba2 Rh7 70. Re1 Kd6 71. Rd1+ Ke7 72. Re1 Kd6 73.
Rd1+ Ke7 74. Rb1 Rg7+ 75. Kf5 Bxg3 76. Rb7+ Kf8 77. Rxg7 Kxg7 78. Ke4 1/2-1/2

[Event "European Blitz 2022"]
[Site "Katowice POL"]
[Date "2022.12.16"]
[Round "18.3"]
[White "Klekowski, Maciej"]
[Black "Adams, Michael"]
[Result "1/2-1/2"]
[WhiteTitle "GM"]
[BlackTitle "GM"]
[WhiteElo "2477"]
[BlackElo "2688"]
[WhiteFideId "1132717"]
[BlackFideId "400041"]
[EventDate "2022.12.16"]

1. c4 e5 2. Nc3 Nf6 3. g3 Bb4 4. Bg2 O-O 5. Nf3 Re8 6. O-O e4 7. Nd4 Nc6 8. Nc2
Bxc3 9. bxc3 b6 10. d3 h6 11. Ne3 Bb7 12. Nd5 exd3 13. exd3 Nxd5 14. cxd5 Ne5
15. f4 Ng6 16. f5 Ne5 17. f6 g6 18. Bxh6 d6 19. Rf4 Ba6 20. Bg7 Nd7 21. Bh3 Nf8
22. Rh4 Nh7 23. Rxh7 Kxh7 24. Qg4 Re5 25. Qf4 Kg8 26. Bg4 g5 27. Qf1 Bxd3 28.
Qxd3 Qe8 29. Qf1 Re4 30. Bf3 Re3 31. Bg4 Qe4 32. Bf5 Qe5 33. Bh7+ Kxh7 34. Qh3+
Kg6 35. Rf1 Rxg3+ 36. hxg3 Qe3+ 37. Kh1 Qe4+ 38. Kg1 Qe3+ 39. Rf2 g4 40. Qxg4+
Kh7 41. Qh4+ Kg6 42. Kg2 Re8 43. Qg4+ Qg5 44. Qxg5+ Kxg5 45. Kf3 Re1 46. Re2 Rc1
47. Re7 Rxc3+ 48. Kf2 Kg6 49. Kg2 a5 50. Re8 b5 51. Rg8 Kf5 52. Rf8 Kg6 53. g4
b4 54. Rg8 a4 55. Rb8 b3 56. axb3 axb3 57. Kf2 Kg5 58. Bf8 Kxf6 59. Bh6 Rd3 60.
Rb5 Ke5 61. Be3 f5 62. gxf5 Kxf5 63. Ke2 Rc3 64. Bd4 Rh3 65. Kd2 Ke4 66. Bc3
Rh2+ 67. Kd1 Kd3 68. Rxb3 Kc4 69. Ra3 Kxd5 70. Bd2 c5 71. Kc2 Kc6 72. Rf3 d5 73.
Rf6+ Kb5 74. Rf8 d4 75. Rb8+ Kc4 76. Rc8 Rg2 77. Rd8 Rh2 78. Ra8 Kd5 79. Rd8+
Kc4 80. Ra8 1/2-1/2

[Event "European Blitz 2022"]
[Site "Katowice POL"]
[Date "2022.12.16"]
[Round "18.4"]
[White "Laurusas, Tomas"]
[Black "Moroni, Luca Jr"]
[Result "1-0"]
[WhiteTitle "GM"]
[BlackTitle "GM"]
[WhiteElo "2567"]
[BlackElo "2576"]
[WhiteFideId "12803731"]
[BlackFideId "865834"]
[EventDate "2022.12.16"]

1. d4 d6 2. Nf3 g6 3. c4 Bg7 4. Nc3 Nc6 5. e3 e5 6. Be2 exd4 7. exd4 Nge7 8. d5
Ne5 9. O-O O-O 10. Re1 Nxf3+ 11. Bxf3 Nf5 12. Be4 Bd7 13. Bf4 h6 14. Bd3 Qh4 15.
g3 Qd8 16. h4 Re8 17. Rxe8+ Qxe8 18. Kg2 Qf8 19. Qd2 Re8 20. Rh1 Nd4 21. Be3 Bg4
22. Bxd4 Bxd4 23. Qf4 Bxc3 24. Qxg4 h5 25. Qd7 Ba5 26. Rc1 Re7 27. Qa4 Bb6 28.
b4 Bd4 29. c5 b6 30. cxd6 cxd6 31. Qc6 Re5 32. Rc4 Bb2 33. Rf4 Qe7 34. Qc2 Ba1
35. Rc4 Re1 36. Bxg6 Kg7 37. Rc7 Qe2 38. Rxf7+ Kg8 39. Qc8+ Qe8 40. Rg7+ Kxg7
41. Bxe8 1-0

[Event "European Blitz 2022"]
[Site "Katowice POL"]
[Date "2022.12.16"]
[Round "18.5"]
[White "Hovhannisyan, Robert"]
[Black "Kozak, Antoni"]
[Result "1-0"]
[WhiteTitle "GM"]
[WhiteElo "2597"]
[BlackElo "2422"]
[WhiteFideId "13302507"]
[BlackFideId "21832030"]
[EventDate "2022.12.16"]

1. e4 c5 2. Nf3 d6 3. d4 cxd4 4. Qxd4 Nf6 5. Nc3 Nc6 6. Bb5 Bd7 7. Bxc6 Bxc6 8.
Bg5 e6 9. O-O-O Be7 10. Bxf6 Bxf6 11. Qxd6 Bxc3 12. bxc3 Qxd6 13. Rxd6 Bxe4 14.
Ne5 Bxg2 15. Rg1 Be4 16. Rxg7 Bg6 17. Rd7 Rf8 18. Rxb7 Rc8 19. Rxa7 Rxc3 20.
Nxg6 hxg6 21. Rh7 Rf3 22. Rh4 Rg8 23. Ra8+ 1-0